000 00885nam a22001577a 4500
003 OSt
005 20160614151354.0
008 160614b xxu||||| |||| 00| 0 eng d
040 _cRUA
082 _aAGR KRI 2013 B474 Or.1
100 _98415
_aKRISNA DARAVITOU; គ្រឹះស្នា តារាវិទូ
245 _aComparison of chemical biocin-f and manure fertilizer on green mustard (Brassica juncea) at crop station in the royal university of agriculture; ការប្រៀបធៀបកម្រិតជីគីមី ជី Biocin-f និងជីលាមកមាន់លើដំណាំស្ពៃខៀវនៅស្ថានីយ៏ពិសោធន៏ដំណាំនៃសាកលវិទ្យាល័យភូមិន្ទកសិកម្ម
260 _aPhnom Penh
_bRUA
_c2013
300 _axi;35p.
_bill.
_c29cm.
942 _2ddc
_cAGR
999 _c8060
_d8060